000 00361nam a2200157Ia 4500
003 OSt
008 191201s2013 xx 000 0 und d
082 _a551
_bGAP
100 _aGARG, SK
245 0 _aPhysical and Engineering Geology
250 _aRep
260 _aN. Delhi
_bKhanna Publisher
_c2013
300 _a800
650 _aB.Tech(CE)
942 _2ddc
_cBK
999 _c5823
_d5823